| 000 -LEADER |
| fixed length control field |
00504pam a2200181 4500 |
| 003 - CONTROL NUMBER IDENTIFIER |
| control field |
OSt |
| 005 - DATE AND TIME OF LATEST TRANSACTION |
| control field |
20200313050151.0 |
| 008 - FIXED-LENGTH DATA ELEMENTS--GENERAL INFORMATION |
| fixed length control field |
730920s1974 mauae 001 0 eng |
| 020 ## - INTERNATIONAL STANDARD BOOK NUMBER |
| International Standard Book Number |
9780262191081 |
| 040 ## - CATALOGING SOURCE |
| Original cataloging agency |
DLC |
| Transcribing agency |
DLC |
| Modifying agency |
DLC |
| 082 00 - DEWEY DECIMAL CLASSIFICATION NUMBER |
| Classification number |
720.924 |
| Item number |
SAF |
| 100 1# - MAIN ENTRY--PERSONAL NAME |
| Personal name |
Safdie, Moshe, |
| Dates associated with a name |
1938- |
| 245 10 - TITLE STATEMENT |
| Title |
For everyone a garden. |
| Statement of responsibility, etc |
Edited by Judith Wolin. |
| 260 ## - PUBLICATION, DISTRIBUTION, ETC. (IMPRINT) |
| Place of publication, distribution, etc |
Cambridge, |
| Name of publisher, distributor, etc |
M.I.T. Press |
| Date of publication, distribution, etc |
[1974] |
| 300 ## - PHYSICAL DESCRIPTION |
| Extent |
1 v. (unpaged) |
| Other physical details |
illus., plans. |
| Dimensions |
24 cm. |
| 600 10 - SUBJECT ADDED ENTRY--PERSONAL NAME |
| Personal name |
Safdie, Moshe, |
| Dates associated with a name |
1938- |
| 942 ## - ADDED ENTRY ELEMENTS (KOHA) |
| Source of classification or shelving scheme |
|